Patronage et corruption politiques dans l'Europe contemporaine : Les coulisses du politique à l’époque contemporaine - XIXe-XXe siècles (notice n° 1568423)

détails MARC
000 -LEADER
fixed length control field 02152cam a2200157 4500500
005 - DATE AND TIME OF LATEST TRANSACTION
control field 20251214004317.0
041 ## - LANGUAGE CODE
Language code of text/sound track or separate title fre
042 ## - AUTHENTICATION CODE
Authentication code dc
100 10 - MAIN ENTRY--PERSONAL NAME
Personal name Monier, Frédéric
Relator term author
245 00 - TITLE STATEMENT
Title Patronage et corruption politiques dans l'Europe contemporaine : Les coulisses du politique à l’époque contemporaine - XIXe-XXe siècles
260 ## - PUBLICATION, DISTRIBUTION, ETC.
Name of publisher, distributor, etc. Armand Colin,<br/>
Date of publication, distribution, etc. 2014.<br/>
520 ## - SUMMARY, ETC.
Summary, etc. Second volume consacré à l’étude des coulisses du politique à l’époque contemporaine, ce livre collectif s’attache à traiter sur un mode universitaire du patronage et de la corruption, objets politiques aujourd’hui particulièrement sensibles et polémiques dans les sociétés européennes. Si les contributeurs français et étrangers réunis viennent de spécialités différentes, l’approche choisie se veut résolument constructiviste, historique et comparatiste. Il s’agit en effet, après en avoir questionné les fondements, de poser les jalons d’une histoire de la corruption à l’échelle européenne du début du XIXe siècle à nos jours. Si les cas français et allemands sont privilégiés, d’autres aires géographiques, de l’Europe orientale à l’Europe latine, font également l’objet d’une attention soutenue. En mettant l’accent sur des moments et des territoires variés, l’ouvrage ambitionne de saisir la corruption à travers la pluralité des acteurs qu’elle met en jeu (des hommes politiques dispensateurs de faveurs aux bénéficiaires des recommandations), la diversité des lieux où elle se développe (d’une permanence électorale à un conseil municipal) et des moments où elle prend forme (des opérations électorales à la conclusion de marchés publics). C’est donc à l’histoire d’un ordinaire de la corruption qu’il s’est agi de prêter attention plus encore qu’aux scandales qui feront l’objet d’un troisième volume qui clôturera cette série.
700 10 - ADDED ENTRY--PERSONAL NAME
Personal name Dard, Olivier
Relator term author
700 10 - ADDED ENTRY--PERSONAL NAME
Personal name Engels, Jens Ivo
Relator term author
856 41 - ELECTRONIC LOCATION AND ACCESS
Uniform Resource Identifier <a href="https://shs.cairn.info/patronage-et-corruption-politiques-dans-l-europe--9782200274375?lang=fr&redirect-ssocas=7080">https://shs.cairn.info/patronage-et-corruption-politiques-dans-l-europe--9782200274375?lang=fr&redirect-ssocas=7080</a>

Pas d'exemplaire disponible.

PLUDOC

PLUDOC est la plateforme unique et centralisée de gestion des bibliothèques physiques et numériques de Guinée administré par le CEDUST. Elle est la plus grande base de données de ressources documentaires pour les Étudiants, Enseignants chercheurs et Chercheurs de Guinée.

Adresse

627 919 101/664 919 101

25 boulevard du commerce
Kaloum, Conakry, Guinée

Réseaux sociaux

Powered by Netsen Group @ 2025